| 000 | 00815nam a2200229Ia 4500 | ||
|---|---|---|---|
| 001 | 12634 | ||
| 003 | GE_BSU | ||
| 008 | 181216s||||||||xx |||||||||||||| ||und|| | ||
| 040 | _cGE_BSU | ||
| 080 | _a903'16(479.22)+63(479.22)(09) | ||
| 100 | _aКиквидзе,Я.А. | ||
| 245 | _aЗемледелие и земледельческий культ в древней Грузии(по археологическим материалам) | ||
| 245 | _cРед.А.И.Джавахишвили | ||
| 260 | _aТбилиси | ||
| 260 | _bМецниереба | ||
| 260 | _c1987 | ||
| 300 | _a267стр.22см.илл. | ||
| 541 | _h4 Л.50Т. | ||
| 653 | _aЗемледелие и земледельческий культ в древней Грузии | ||
| 653 | _aარქეოლოგია | ||
| 942 | _cBK | ||
| 999 |
_c45806 _d45806 |
||